000 00505nam a2200157Ia 4500
003 GCL
005 20240530101924.0
008 140319s9999 xx 000 0 ara d
040 _aGCL /
_cGCL
082 0 4 _a355.07
_bا ت
100 _aاحمد انور زهران
245 1 0 _aالتكنولوجيا والحرب المعاصرة /
_cاحمد انور زهران
260 _a[S.N] :
_bدار الوفاء للطباعة والنشر والتوزيع ،
_c1987
300 _a225 ص
942 _2ddc
_cBK
999 _c28736
_d28736